Africa Quarterly Vol 36 No 3 1996 (Record no. 223669)

MARC details
000 -LEADER
fixed length control field 00599nam a22001937a 4500
005 - DATE AND TIME OF LATEST TRANSACTION
control field 20220709103026.0
008 - FIXED-LENGTH DATA ELEMENTS--GENERAL INFORMATION
fixed length control field 220709b ||||| |||| 00| 0 eng d
040 ## - CATALOGING SOURCE
Transcribing agency AL
041 ## - LANGUAGE CODE
Language code of text/sound track or separate title English
082 ## - DEWEY DECIMAL CLASSIFICATION NUMBER
Edition number 23
Classification number 960
Item number INDA
100 ## - MAIN ENTRY--PERSONAL NAME
Personal name Indian council for cultural relations
100 ## - MAIN ENTRY--PERSONAL NAME
9 (RLIN) 47898
245 ## - TITLE STATEMENT
Title Africa Quarterly Vol 36 No 3 1996
260 ## - PUBLICATION, DISTRIBUTION, ETC.
Name of publisher, distributor, etc. Indian Council for Cultural Relations
Date of publication, distribution, etc. 1996
300 ## - PHYSICAL DESCRIPTION
Extent 76 p.
Other physical details PB
Dimensions 24x16 cm.
650 ## - SUBJECT ADDED ENTRY--TOPICAL TERM
Topical term or geographic name entry element African State System
9 (RLIN) 47899
650 ## - SUBJECT ADDED ENTRY--TOPICAL TERM
Topical term or geographic name entry element Return of Asians to Uganda
9 (RLIN) 47900
700 ## - ADDED ENTRY--PERSONAL NAME
Personal name INDIAN COUNCIL FOR CULTURAL RELATIONS
9 (RLIN) 47901
942 ## - ADDED ENTRY ELEMENTS (KOHA)
Source of classification or shelving scheme Dewey Decimal Classification
Koha item type George Fernandes Collections
Holdings
Withdrawn status Lost status Source of classification or shelving scheme Damaged status Not for loan Collection code Home library Current library Date acquired Total Checkouts Full call number Barcode Date last seen Price effective from Koha item type
    Dewey Decimal Classification     Others St Aloysius Library St Aloysius Library 03/23/2013   960 INDA GF03346 07/09/2022 07/09/2022 George Fernandes Collections